Why workplace wellbeing matters : (Record no. 24348)

MARC details
000 -LEADER
fixed length control field 00734cam a2200217 i 4500
020 ## - INTERNATIONAL STANDARD BOOK NUMBER
ISBN 9781647826352
041 ## - LANGUAGE CODE
Language code of text/sound track or separate title English
082 00 - DEWEY DECIMAL CLASSIFICATION NUMBER
Classification number 306.36
Item number DEN
100 1# - MAIN ENTRY--AUTHOR NAME
Author name De Neve, Jan-Emmanuel
245 10 - TITLE STATEMENT
Title Why workplace wellbeing matters :
Sub Title the science behind employee happiness and organizational performance /
Statement of responsibility, etc Jan-Emmanuel De Neve, George Ward.
260 ## - PUBLICATION, DISTRIBUTION, ETC. (IMPRINT)
Place of publication Boston :
Name of publisher Harvard Business Review Press ,
Year of publication 205.
300 ## - PHYSICAL DESCRIPTION
Number of Pages vi, 286 pages ;
Dimensions 26 cm
504 ## - BIBLIOGRAPHY, ETC. NOTE
Bibliography, etc Includes bibliographical references and (pages 240-271) index.
650 #0 - SUBJECT ADDED ENTRY--TOPICAL TERM
Subject Quality of work life.
650 #0 - SUBJECT ADDED ENTRY--TOPICAL TERM
Subject Work-life balance.
650 #0 - SUBJECT ADDED ENTRY--TOPICAL TERM
Subject Well-being.
650 #0 - SUBJECT ADDED ENTRY--TOPICAL TERM
Subject Psychology, Industrial.
700 1# - ADDED ENTRY--PERSONAL NAME
Author 2/ Editor Ward, George
942 ## - ADDED ENTRY ELEMENTS (KOHA)
Source of classification or shelving scheme Dewey Decimal Classification
Koha item type Books
Holdings
Withdrawn status Lost status Source of classification or shelving scheme Damaged status Not for loan Home library Current library Shelving location Date acquired Source of acquisition Cost, normal purchase price Bill Date Full call number Accession Number Price effective from Koha item type
    Dewey Decimal Classification     Institute of Public Enterprise, Library Institute of Public Enterprise, Library S Campus 05/19/2026 Feel Books 1399.00 11-05-2026 306.36 DEN 51073 05/19/2026 Books

Maintained and Designed by
2cqr automation private limited, Chennai. All Rights Reserved.

You are Visitor Number

PHP Hits Count